| 000 | 00383nam a2200133 i 4500 | ||
|---|---|---|---|
| 001 | 146161 | ||
| 003 | ES-MaACL | ||
| 005 | 20230906201432.0 | ||
| 007 | t| | ||
| 008 | 070904q19501959fr ||||1| fre d | ||
| 245 | 0 | 0 | _aTraité instituant la Communanté Européenne du Charbon et de l'Acier. |
| 260 |
_a[s.l.] : _b[s.n.], _c[entre 1950 y 1959] |
||
| 852 |
_aES-MaACL _jC-15130 _bR.42902 |
||
| 999 |
_c146161 _d146161 |
||